|
|
|
|
| LEADER |
00000naa2a2200000 4500 |
| 001 |
186791 |
| 005 |
20231031173728.0 |
| 035 |
|
|
|a (RuTPU)RU\TPU\book\202658
|
| 090 |
|
|
|a 186791
|
| 100 |
|
|
|a 20101102d2010 k y0rusy50 ca
|
| 101 |
0 |
|
|a rus
|
| 102 |
|
|
|a RU
|
| 200 |
1 |
|
|a Энергетическое обследование сетей 110КВ "МРСК Сибири". Часть V. Искажения симметрии
|f В. А. Иванова [и др.]
|
| 320 |
|
|
|a Библиогр.: 2 назв.
|
| 463 |
|
0 |
|0 (RuTPU)RU\TPU\book\196586
|t Электроэнергия: от получения и распределения до эффективного использования
|o материалы Всероссийской научно-технической конференции, 25-28 мая 2010 г., Томск
|f Национальный исследовательский Томский политехнический университет (НИ ТПУ)
|v С. 118-122
|d 2010
|p 351 с.
|
| 610 |
1 |
|
|a электрические сети
|
| 610 |
1 |
|
|a энергетическое обследование
|
| 610 |
1 |
|
|a симметрия
|
| 610 |
1 |
|
|a последовательность
|
| 610 |
1 |
|
|a напряжение
|
| 610 |
1 |
|
|a амплитуды
|
| 610 |
1 |
|
|a труды учёных ТПУ
|
| 701 |
|
1 |
|a Иванова
|b В. А.
|
| 701 |
|
1 |
|a Мельников
|b В. А.
|
| 701 |
|
1 |
|a Волков
|b М. В.
|c специалист в области технологий сесурсосбережения
|c ведущий электроник Томского политехнического университета
|g Михаил Валерьевич
|2 stltpush
|3 (RuTPU)RU\TPU\pers\27066
|
| 701 |
|
1 |
|a Харлов
|b Н. Н.
|c российский ученый, специалист в области электротехники
|c доцент Томского политехнического университета, кандидат технических наук
|c заместитель директора Регионального учебно-научно-технологического центра ресурсосбережения Томского политехнического университета
|f 1950-
|g Николай Николаевич
|2 stltpush
|3 (RuTPU)RU\TPU\pers\25691
|
| 801 |
|
1 |
|a RU
|b 63413507
|c 20101102
|
| 942 |
|
|
|c BK
|